00393nam a22001337a 4500999001700000082001000017100001800027245004100045250002100086260004000107300001100147942000700158952009400165 c65008d65005 a297.5 aS. Y. Hashimy aIslam As An Ethical and A Political  a second editioon aLahore bIslamic Book Servicec1977 a117 p. cBK 00104070aREFbREFd2019-07-03l0o297.5 (Shelf -19C)pR9485r2019-07-03 00:00:00yBK